| 000 | 00544nam a2200217Ia 4500 | ||
|---|---|---|---|
| 003 | GCL | ||
| 008 | 140319s9999 xx 000 0 eng d | ||
| 040 |
_aGCL / _cGCL |
||
| 082 | 0 | 4 |
_a746.7 _bA C |
| 100 | 1 | _aALCOUFFE, DANIEL | |
| 245 | 1 | 0 |
_aGREAT CARPETS OF THE WORLD / _cALCOUFFE, DANIEL |
| 700 | 1 | _aTAYBR - BERNUS, MARTHE | |
| 700 | 1 | _aMIKAELOFF, YVES | |
| 260 |
_a[S.N] : _bTHAMES AND HUDSON ، _c1996 |
||
| 300 | _a377 P | ||
| 650 | 0 | 4 | _aTEXTILE |
| 650 | 0 | 4 | _aARTS |
| 650 | 0 | 4 | _aCARPETS |
| 650 | 0 | 4 | _aTEXTILE ART |
| 942 |
_2ddc _cBK |
||
| 999 |
_c14457 _d14457 |
||